Stavová teorie lineárního diskrétního řízení /

Salvato in:
Dettagli Bibliografici
Autore principale: Strejc, Vladimír (Autore)
Natura: Libro
Lingua:ceco
Pubblicazione: Praha : Academia, 1978
Tags: Aggiungi Tag
Nessun Tag, puoi essere il primo ad aggiungerne!!

MARC

LEADER 00000nam a22000003a 4500
001 stu657
005 20150617225618.2
008 910612s1978----cs------------------cze-d
040 |a STU  |b slo 
041 0 |a cze 
044 |a cs 
080 |a 681.511.2 
100 1 |a Strejc, Vladimír  |4 aut 
245 1 |a Stavová teorie lineárního diskrétního řízení /  |c [aut.] Strejc,Vladimír 
260 |a Praha :  |b Academia,  |c 1978 
300 |a 374 s 
996 |c V*14897/O-5074  |l VV16  |s P  |a 0  |w stu657_0002 
996 |c I*8M2423  |l I  |s A  |a 24  |w stu657_0003 
996 |b E73807  |c E*73807  |l EE09  |s P  |a 0  |w stu657_0004